Korea moves ahead : (Record no. 26437)
[ view plain ]
| 000 -LEADER | |
|---|---|
| fixed length control field | 00657cam a22002291 4500 |
| 001 - CONTROL NUMBER | |
| control field | 26437 |
| 003 - CONTROL NUMBER IDENTIFIER | |
| rucl marc code | BD-RjUL |
| 005 - DATE AND TIME OF LATEST TRANSACTION | |
| control field | 20211209051022.0 |
| 008 - FIXED-LENGTH DATA ELEMENTS--GENERAL INFORMATION | |
| fixed length control field | 140322s1962 ko abc 000 0 eng |
| 035 ## - SYSTEM CONTROL NUMBER | |
| System control number | (BD-RjUL)26507 |
| System control number | (OCoLC)1862872 |
| 040 ## - CATALOGING SOURCE | |
| Original cataloging agency | DLC |
| Transcribing agency | FMU |
| Modifying agency | MH |
| -- | BD-RjUL |
| Language of cataloging | eng |
| 041 ## - LANGUAGE CODE | |
| Language code of text/sound track or separate title | eng |
| 082 00 - DEWEY DECIMAL CLASSIFICATION NUMBER | |
| Classification number | 951.904 |
| Author mark and year | KOR 1962 |
| 245 10 - TITLE STATEMENT | |
| Title | Korea moves ahead : |
| Remainder of title | post-revolutionary progress / |
| 260 ## - PUBLICATION, DISTRIBUTION, ETC. (IMPRINT) | |
| Place of publication, distribution, etc. | Seoul : |
| Date of publication, distribution, etc. | 1962. |
| Name of publisher, distributor, etc. | Republic of Korea, |
| 300 ## - PHYSICAL DESCRIPTION | |
| Pagination | 198 p. : |
| Illustrations | ill. (part col.) maps (part col.) ports. ; |
| Size | 31 cm. |
| 651 #0 - SUBJECT ADDED ENTRY--GEOGRAPHIC NAME | |
| Geographic name | Korea |
| Form subdivision | Pictorial works. |
| 9 (RLIN) | 81287 |
| 942 ## - ADDED ENTRY ELEMENTS (KOHA) | |
| Source of classification or shelving scheme | Dewey Decimal Classification |
| Koha item type | Books |
| Lost status | Source of classification or shelving scheme | Damaged status | Not for loan | Collection code | Permanent Location | Current Location | Shelving location | Date acquired | Source of acquisition | Total Checkouts | Full call number | Date last seen | Copy number | Koha item type |
|---|---|---|---|---|---|---|---|---|---|---|---|---|---|---|
| Dewey Decimal Classification | Added to bundle | Non-fiction | Central Library, University of Rajshahi | Central Library, University of Rajshahi | Reading Room | 19/07/1963 | Seoul Korea | 951.904 KOR 1962 | 22/03/2014 | C-1 | Books |